000 00353pam a2200157a 44500
008 230515b1993 xxu||||| |||| 00| 0 eng d
020 _aNULL
041 _aENGL
082 _a620.05/POP
100 _aPOPOV E.P.
245 _aENGINEERING MACHINE OF SOLIDS
250 _aN.D.
260 _aNULL
_bPHADKE
_c1993
300 _a727 PB
650 _aNULL
999 _c627862
_d627862